000 00531nam a2200181Ia 4500
001 73262
008 160622s9999||||xx |||||||||||||| ||und||
020 _a978521873758
040 _cPK-LaUMT
082 _a 616.07548
_bPAP-C
100 _aPapanicolaou, Andrew C.
245 _aClinical magneto-encephalography and magnetic source imaging/
_cPapanicolaou, Andrew C.
260 _aCambridge,USA:
_bCambridge University Press,
_c2009
300 _a207 p.
546 _aEN
650 _aMagnetoencephalography-Methods
942 _cBK
999 _c86371
_d86371